[Event "Deltalift op"]
[Site "Tylosand"]
[Date "2023.05.18"]
[Round "1"]
[White "Westerlund, Ola"]
[Black "Hector, Jonny"]
[Result "0-1"]
[WhiteElo "1870"]
[BlackElo "2482"]
[PlyCount "44"]
[EventDate "2023.05.18"]
[EventType "swiss"]
[EventRounds "8"]
[EventCountry "SWE"]
[SourceTitle "CBM 214 Extra"]
[Source "ChessBase"]
[SourceDate "2023.07.31"]
[SourceVersion "1"]
[SourceVersionDate "2023.07.31"]
[SourceQuality "1"]

1. c4 e5 2. Nc3 Bb4 3. Nd5 a5 4. e4 Nf6 5. Qc2 Nxd5 6. cxd5 c6 7. a3 Be7 8. Bc4 0-0 9. Nf3 d6 10. h3 b5 11. Ba2 Bb7 12. Qd3 Na6 13. dxc6 Bxc6 14. Qe2 Kh8 15. 0-0 f5 16. d3 Nc5 17. Nd2 Qd7 18. b3 Ne6 19. Nf3 b4 20. a4 Bb7 21. Bd2 fxe4 22. dxe4 Ba6 0-1

[Event "SWE-ch Seniors 50"]
[Site "Uppsala"]
[Date "2022.07.06"]
[Round "5"]
[White "Hautajarvi, Jukka Olavi"]
[Black "Westerlund, Ola"]
[Result "1/2-1/2"]
[WhiteElo "2044"]
[BlackElo "1880"]
[PlyCount "33"]
[EventDate "2022.07.02"]
[EventType "swiss"]
[EventRounds "9"]
[EventCountry "SWE"]
[SourceTitle "EXT 2024"]
[Source "ChessBase"]
[SourceDate "2023.10.10"]
[SourceVersion "1"]
[SourceVersionDate "2023.10.10"]
[SourceQuality "1"]

1. Nf3 g6 2. g3 Bg7 3. d4 Nf6 4. Bg2 0-0 5. 0-0 d6 6. c4 c5 7. dxc5 dxc5 8. Nc3 Nc6 9. Be3 Be6 10. Qa4 Qb6 11. Qb5 Nd7 12. Ng5 Nd4 13. Bxd4 cxd4 14. Nxe6 dxc3 15. Nxg7 Qxb5 16. cxb5 cxb2 17. Rab1 1/2-1/2

[Event "Gothenburg op"]
[Site "Gothenburg"]
[Date "2018.08.17"]
[Round "4"]
[White "Westerlund, Ola"]
[Black "Petersson, Baldur Teodor"]
[Result "0-1"]
[WhiteElo "1923"]
[BlackElo "2138"]
[PlyCount "64"]
[EventDate "2018.08.17"]
[EventType "swiss"]
[EventRounds "8"]
[EventCountry "SWE"]
[SourceTitle "CBM 186 Extra"]
[Source "ChessBase"]
[SourceDate "2018.08.24"]
[SourceVersion "1"]
[SourceVersionDate "2018.08.24"]
[SourceQuality "1"]

1. d4 Nf6 2. c4 g6 3. Nf3 Bg7 4. g3 d6 5. Bg2 0-0 6. 0-0 c5 7. d5 a6 8. Nc3 Nbd7 9. h3 Rb8 10. a4 b6 11. Qc2 Qc7 12. e4 e5 13. Ne1 Nh5 14. Qe2 Bh8 15. Bh6 Ng7 16. f4 f5 17. Nd3 exf4 18. Nxf4 Ne5 19. Ne6 Nxe6 20. dxe6 Bxe6 21. Bxf8 Bxc4 22. Qd2 Rxf8 23. Rfd1 Nd3 24. b3 Bd4+ 25. Kh2 Qg7 26. bxc4 Bxc3 27. Qxd3 Bxa1 28. Qxd6 Be5 29. Qe6+ Kh8 30. Rd7 Qf6 31. exf5 Qxf5 32. Qe7 Bxg3+ 0-1

[Event "Heart of Finland op 28th"]
[Site "Jyvaskyla"]
[Date "2018.07.17"]
[Round "2"]
[White "Keinanen, Toivo"]
[Black "Westerlund, Ola"]
[Result "1-0"]
[WhiteElo "2395"]
[BlackElo "1924"]
[PlyCount "49"]
[EventDate "2018.07.16"]
[EventType "swiss"]
[EventRounds "9"]
[EventCountry "FIN"]
[SourceTitle "CBM 185 Extra"]
[Source "ChessBase"]
[SourceDate "2018.07.29"]
[SourceVersion "1"]
[SourceVersionDate "2018.07.29"]
[SourceQuality "1"]

1. c4 e5 2. g3 d6 3. Nc3 f5 4. d3 Nf6 5. Bg2 Be7 6. e4 Nc6 7. Nge2 0-0 8. 0-0 Qe8 9. Nd5 Bd8 10. Be3 Ng4 11. exf5 Bxf5 12. h3 Nxe3 13. Nxe3 Be6 14. d4 exd4 15. Nxd4 Nxd4 16. Qxd4 Bf6 17. Qd2 Qd7 18. Kh2 c6 19. Rad1 Rad8 20. b3 Be7 21. Qd3 Rf6 22. f4 Rdf8 23. Rde1 R8f7 24. f5 Bxf5 25. Nxf5 1-0

[Event "Heart of Finland op 28th"]
[Site "Jyvaskyla"]
[Date "2018.07.16"]
[Round "1"]
[White "Westerlund, Ola"]
[Black "Lonnqvist, Henrik"]
[Result "1-0"]
[WhiteElo "1924"]
[BlackElo "2080"]
[PlyCount "69"]
[EventDate "2018.07.16"]
[EventType "swiss"]
[EventRounds "9"]
[EventCountry "FIN"]
[SourceTitle "EXT 2021"]
[Source "ChessBase"]
[SourceDate "2020.10.23"]
[SourceVersion "1"]
[SourceVersionDate "2020.10.23"]
[SourceQuality "1"]

1. d4 Nf6 2. c4 g6 3. Nf3 Bg7 4. g3 0-0 5. Bg2 c5 6. d5 d6 7. 0-0 b5 8. cxb5 a6 9. bxa6 Nxa6 10. Nc3 Nb4 11. a3 Bb7 12. Ne1 Ra5 13. Rb1 Qa8 14. axb4 cxb4 15. Ne4 Nxd5 16. Qb3 Rc8 17. Bf3 h6 18. Ng2 Kh8 19. Ne3 Nc7 20. Nd2 d5 21. Qxb4 e5 22. Qe7 Kg8 23. Ng4 e4 24. Bg2 Ra6 25. Nb3 Re6 26. Qa3 Ra6 27. Qe7 Re6 28. Qh4 g5 29. Qh5 Qa4 30. Nc5 Qa2 31. Nxe6 Nxe6 32. Bd2 Rc2 33. Bb4 Kh7 34. Be7 Ba6 35. Qxf7 1-0

[Event "Helsingor Xtracon op"]
[Site "Helsingor"]
[Date "2017.07.25"]
[Round "5"]
[White "Westerlund, Ola"]
[Black "Joensen, Jon Magnus"]
[Result "1-0"]
[WhiteElo "1910"]
[BlackElo "1600"]
[PlyCount "105"]
[EventDate "2017.07.22"]
[EventType "swiss"]
[EventRounds "10"]
[EventCountry "DEN"]
[SourceTitle "CBM 179 Extra"]
[Source "ChessBase"]
[SourceDate "2017.08.23"]
[SourceVersion "1"]
[SourceVersionDate "2017.08.23"]
[SourceQuality "1"]

1. d4 d5 2. c4 e6 3. Nc3 Nf6 4. cxd5 exd5 5. Bg5 Be7 6. Qc2 c6 7. e3 0-0 8. Bd3 h6 9. Bh4 Be6 10. Nge2 Nbd7 11. 0-0 Ne8 12. Bg3 Ndf6 13. f3 Bd6 14. Rae1 Bxg3 15. Nxg3 Nd7 16. Kh1 Nd6 17. e4 dxe4 18. fxe4 Bc4 19. e5 Bxd3 20. Qxd3 Nc8 21. Nf5 Ne7 22. Nd6 b6 23. Qe4 f6 24. exf6 Nc8 25. Qe6+ Kh7 26. Nf7 Rxf7 27. Qxf7 Nxf6 28. Re6 Nd6 29. Qe7 Qxe7 30. Rxe7 Kg6 31. Rc7 Rc8 32. Rxa7 Nf5 33. Rb7 b5 34. d5 Ne3 35. Rf3 Nexd5 36. Rg3+ Kf5 37. Rf3+ Kg6 38. Rg3+ Kf5 39. Nxd5 cxd5 40. Rf3+ Ke4 41. Rc3 Re8 42. Rxb5 Kf4 43. Rb4+ Kg5 44. h4+ Kh5 45. Kh2 Ng4+ 46. Kg3 Nf6 47. Rc5 Re4 48. Rxd5+ Kg6 49. Rxe4 Nxe4+ 50. Kf4 Nf6 51. Rd6 Kf7 52. Rxf6+ Kxf6 53. a4 1-0

[Event "Helsingor Xtracon op"]
[Site "Helsingor"]
[Date "2017.07.24"]
[Round "4"]
[White "Kristiansen, Snorre"]
[Black "Westerlund, Ola"]
[Result "1-0"]
[WhiteElo "1699"]
[BlackElo "1910"]
[PlyCount "93"]
[EventDate "2017.07.22"]
[EventType "swiss"]
[EventRounds "10"]
[EventCountry "DEN"]
[SourceTitle "CBM 179 Extra"]
[Source "ChessBase"]
[SourceDate "2017.08.23"]
[SourceVersion "1"]
[SourceVersionDate "2017.08.23"]
[SourceQuality "1"]

1. e4 g6 2. d4 Bg7 3. Nc3 d6 4. Be3 Nf6 5. Qd2 c6 6. Bh6 Bxh6 7. Qxh6 Qa5 8. Bd3 Nbd7 9. Nf3 c5 10. d5 c4 11. Bxc4 Qc5 12. Bd3 Qxf2+ 13. Kxf2 Ng4+ 14. Kg3 Nxh6 15. Rhe1 0-0 16. Na4 b6 17. Nd4 Ne5 18. Nc3 Nxd3 19. cxd3 e5 20. Nc6 Ba6 21. d4 f6 22. dxe5 fxe5 23. Nb4 Bb7 24. Nb5 Nf7 25. Rac1 Rfc8 26. Rxc8+ Rxc8 27. Nxa7 Rc4 28. a3 Ng5 29. Nb5 Nxe4+ 30. Rxe4 Rxe4 31. Nxd6 Rxb4 32. axb4 Bxd5 33. Nc8 Kf7 34. Nxb6 Be6 35. Kf3 Ke7 36. Na4 Bd5+ 37. Kf2 Kd6 38. Nc3 Bc6 39. g3 e4 40. Ke3 Ke5 41. b5 Bb7 42. b4 Kf5 43. b6 Ke5 44. Na4 Kd6 45. Nc5 Bd5 46. Kd4 e3 47. b7 1-0

[Event "Helsingor Xtracon op"]
[Site "Helsingor"]
[Date "2017.07.23"]
[Round "2"]
[White "Wallin, Kenneth"]
[Black "Westerlund, Ola"]
[Result "1/2-1/2"]
[WhiteElo "1633"]
[BlackElo "1910"]
[PlyCount "77"]
[EventDate "2017.07.22"]
[EventType "swiss"]
[EventRounds "10"]
[EventCountry "DEN"]
[SourceTitle "CBM 179 Extra"]
[Source "ChessBase"]
[SourceDate "2017.08.23"]
[SourceVersion "1"]
[SourceVersionDate "2017.08.23"]
[SourceQuality "1"]

1. d4 g6 2. Nf3 Bg7 3. c4 d6 4. b3 Nd7 5. Bb2 e5 6. Nbd2 Ne7 7. Qc2 0-0 8. Rd1 Nc6 9. e3 f5 10. dxe5 Ndxe5 11. Be2 Nb4 12. Qb1 Ned3+ 13. Bxd3 Bxb2 14. Be2 Qf6 15. 0-0 a5 16. Ne1 Bd7 17. Nd3 Nxd3 18. Qxd3 Bc6 19. Bf3 Qc3 20. Qxc3 Bxc3 21. Bxc6 bxc6 22. Nf3 c5 23. Ng5 Rfe8 24. Rd3 Bf6 25. Nh3 g5 26. Rd5 Re5 27. Rfd1 h6 28. Kf1 Kf7 29. R1d3 a4 30. f4 Rxd5 31. Rxd5 axb3 32. axb3 Ra1+ 33. Ke2 g4 34. Nf2 Ra2+ 35. Kf1 Ra1+ 36. Ke2 Ra2+ 37. Kf1 Ra1+ 38. Ke2 Ra2+ 39. Kf1 1/2-1/2

[Event "Malmo op"]
[Site "Malmo"]
[Date "2016.12.17"]
[Round "3"]
[White "Westerlund, Ola"]
[Black "Solodovnichenko, Yuri"]
[Result "0-1"]
[WhiteElo "1949"]
[BlackElo "2573"]
[PlyCount "96"]
[EventDate "2016.12.16"]
[EventType "swiss"]
[EventRounds "7"]
[EventCountry "SWE"]
[SourceTitle "CBM 176 Extra"]
[Source "ChessBase"]
[SourceDate "2017.03.02"]
[SourceVersion "1"]
[SourceVersionDate "2017.03.02"]
[SourceQuality "1"]

1. d4 d6 2. e4 Nf6 3. Nc3 g6 4. Bg5 Bg7 5. f4 c6 6. e5 Nd5 7. Qd2 f6 8. exf6 exf6 9. Bh4 Qe7+ 10. Nge2 Ne3 11. Bf2 Nc4 12. Qc1 d5 13. b3 Na3 14. Qd2 Bf5 15. Rc1 Na6 16. Nb1 Nxb1 17. Rxb1 Nb4 18. Rb2 0-0 19. Kd1 a5 20. Ng3 Bg4+ 21. Be2 Bxe2+ 22. Qxe2 Qd6 23. c3 Rfe8 24. Qf3 Na6 25. f5 a4 26. b4 Nc7 27. Re2 Nb5 28. Rhe1 Qd7 29. Kc2 Na3+ 30. Kd3 Rxe2 31. Qxe2 Kf7 32. Qf3 Re8 33. Rxe8 Qxe8 34. Qe3 Qc8 35. Qf4 Bf8 36. h4 Nc4 37. fxg6+ hxg6 38. h5 Bd6 39. Qh6 Qg8 40. hxg6+ Qxg6+ 41. Qxg6+ Kxg6 42. Ne2 Kf5 43. Bh4 b5 44. Ng1 Be7 45. Bg3 Kg4 46. Bc7 Bd6 47. Bxd6 Nxd6 48. Ne2 Nc4 0-1

[Event "Helsingor Xtracon op"]
[Site "Helsingor"]
[Date "2016.07.28"]
[Round "7"]
[White "Westerlund, Ola"]
[Black "Rendlev, Niels Moller"]
[Result "1-0"]
[WhiteElo "1930"]
[BlackElo "1771"]
[PlyCount "83"]
[EventDate "2016.07.23"]
[EventType "swiss"]
[EventRounds "10"]
[EventCountry "DEN"]
[SourceTitle "CBM 173 Extra"]
[Source "ChessBase"]
[SourceDate "2016.08.29"]
[SourceVersion "1"]
[SourceVersionDate "2016.08.29"]
[SourceQuality "1"]

1. d4 d5 2. c4 e6 3. Nf3 f5 4. Nc3 c6 5. Bf4 Nf6 6. e3 Be7 7. Bd3 Ne4 8. Qc2 Nd7 9. 0-0 Ndf6 10. Ne2 0-0 11. a3 a5 12. b3 Bd7 13. c5 Be8 14. Qb2 Nd7 15. b4 a4 16. Ne5 g5 17. Nxd7 Bxd7 18. Be5 Be8 19. f3 Nf6 20. b5 Nd7 21. Bg3 Bf6 22. Bd6 Be7 23. bxc6 bxc6 24. Bxe7 Qxe7 25. Rab1 Ra7 26. Qc2 Bg6 27. Rb4 Rfa8 28. Kf2 Kg7 29. Rfb1 Kh6 30. Nc3 e5 31. Bxf5 exd4 32. exd4 Nxc5 33. Bxg6 hxg6 34. Re1 Qd6 35. dxc5 Qxc5+ 36. Kf1 d4 37. Rc1 dxc3 38. Qxc3 Qd6 39. h4 Qg3 40. hxg5+ Qxg5 41. Kf2 Rd7 42. Rh1+ 1-0

[Event "Helsingor Xtracon op"]
[Site "Helsingor"]
[Date "2016.07.23"]
[Round "1"]
[White "Westerlund, Ola"]
[Black "Maze, Sebastien"]
[Result "0-1"]
[WhiteElo "1930"]
[BlackElo "2628"]
[PlyCount "96"]
[EventDate "2016.07.23"]
[EventType "swiss"]
[EventRounds "10"]
[EventCountry "DEN"]
[SourceTitle "CBM 173 Extra"]
[Source "ChessBase"]
[SourceDate "2016.08.29"]
[SourceVersion "1"]
[SourceVersionDate "2016.08.29"]
[SourceQuality "1"]

1. d4 Nf6 2. c4 g6 3. Nf3 Bg7 4. g3 0-0 5. Bg2 d6 6. 0-0 c6 7. Nc3 Qa5 8. h3 Qa6 9. Qb3 Nbd7 10. e4 e5 11. dxe5 dxe5 12. Be3 Re8 13. Nd2 Bf8 14. Rfc1 Bc5 15. Na4 Bxe3 16. fxe3 Qa5 17. Qc2 Nc5 18. Nb3 Nxb3 19. axb3 Qc7 20. Rd1 Nh5 21. Kh2 Be6 22. Rd2 b6 23. Rad1 Rad8 24. b4 Rxd2 25. Rxd2 Rd8 26. Bf1 Nf6 27. Nc3 Qe7 28. Rxd8+ Qxd8 29. Qd3 Qf8 30. b5 cxb5 31. Nxb5 Qb4 32. Qc3 Qxc3 33. Nxc3 a5 34. Bd3 Kf8 35. Nd5 Bxd5 36. exd5 Ke7 37. Bc2 Kd6 38. Ba4 Kc5 39. b3 Ne4 40. h4 f5 41. Kg2 Nd6 42. Kf3 h6 43. g4 Kb4 44. gxf5 gxf5 45. Ke2 Kc3 46. Kf3 Kd2 47. Bd7 Kc2 48. Bxf5+ Kxb3 0-1

[Event "Norrkoeping Easter op"]
[Site "Norrkoeping"]
[Date "2016.03.25"]
[Round "1"]
[White "Hillarp Persson, Tiger"]
[Black "Westerlund, Ola"]
[Result "1-0"]
[WhiteElo "2533"]
[BlackElo "1917"]
[PlyCount "33"]
[EventDate "2016.03.25"]
[EventType "swiss"]
[EventRounds "8"]
[EventCountry "SWE"]
[SourceTitle "CBM 171 Extra"]
[Source "ChessBase"]
[SourceDate "2016.04.26"]
[SourceVersion "1"]
[SourceVersionDate "2016.04.26"]
[SourceQuality "1"]

1. d4 d6 2. Bg5 h6 3. Bh4 g6 4. e3 Bg7 5. Nf3 Nf6 6. c4 0-0 7. Nc3 b6 8. Bd3 Bb7 9. 0-0 Qe8 10. Nd2 e5 11. d5 Nbd7 12. Be2 Nh7 13. e4 f5 14. exf5 gxf5 15. Bh5 Qb8 16. Be7 Rc8 17. Bg6 1-0

[Event "Vaxjo op"]
[Site "Vaxjo"]
[Date "2016.02.20"]
[Round "6"]
[White "Westerlund, Ola"]
[Black "Nilsson, Mikael"]
[Result "0-1"]
[WhiteElo "1915"]
[BlackElo "2059"]
[PlyCount "96"]
[EventDate "2016.02.19"]
[EventType "swiss"]
[EventRounds "8"]
[EventCountry "SWE"]
[SourceTitle "CBM 170 Extra"]
[Source "ChessBase"]
[SourceDate "2016.02.25"]
[SourceVersion "1"]
[SourceVersionDate "2016.02.25"]
[SourceQuality "1"]

1. d4 d6 2. e4 Nf6 3. Nc3 e5 4. Nf3 Nbd7 5. Bc4 Be7 6. 0-0 c6 7. a4 h6 8. Re1 0-0 9. h3 Qc7 10. Be3 Re8 11. dxe5 dxe5 12. Qe2 Nc5 13. Qf1 Be6 14. Bxe6 Nxe6 15. Qc4 Rad8 16. a5 b5 17. axb6 axb6 18. Ra6 Bc5 19. b4 b5 20. Qb3 Bxe3 21. fxe3 Ra8 22. Rea1 Rxa6 23. Rxa6 Nd7 24. Qa2 Nb6 25. Qa5 Rb8 26. Kf2 Rb7 27. Ne2 Nc4 28. Qxc7 Rxc7 29. Nc1 c5 30. Ra8+ Kh7 31. Rb8 f6 32. Rxb5 Nd6 33. Rb6 Nxe4+ 34. Ke1 Nd8 35. b5 Nc3 36. Kd2 Nb1+ 37. Ke1 Na3 38. Rb8 Nb7 39. b6 Rd7 40. Nd2 Nxc2+ 41. Ke2 Nb4 42. Rc8 Nd5 43. Ncb3 Nxb6 44. Nxc5 Rxd2+ 45. Kxd2 Nxc8 46. Nxb7 f5 47. Nc5 Nd6 48. Nd7 e4 0-1

[Event "Vaxjo op"]
[Site "Vaxjo"]
[Date "2016.02.19"]
[Round "4"]
[White "Westerlund, Ola"]
[Black "Svensson, Anders"]
[Result "0-1"]
[WhiteElo "1915"]
[BlackElo "2100"]
[PlyCount "70"]
[EventDate "2016.02.19"]
[EventType "swiss"]
[EventRounds "8"]
[EventCountry "SWE"]
[SourceTitle "CBM 170 Extra"]
[Source "ChessBase"]
[SourceDate "2016.02.25"]
[SourceVersion "1"]
[SourceVersionDate "2016.02.25"]
[SourceQuality "1"]

1. d4 Nf6 2. c4 g6 3. Nf3 Bg7 4. g3 0-0 5. Bg2 d6 6. 0-0 Nc6 7. Nc3 a6 8. h3 Rb8 9. e4 e5 10. Be3 exd4 11. Nxd4 Re8 12. Qc2 Ne5 13. b3 Nfd7 14. Rad1 Nc5 15. f4 Ned7 16. b4 Ne6 17. f5 Nxd4 18. Bxd4 Ne5 19. Nd5 c6 20. Ba7 Ra8 21. Bb6 Qg5 22. Nc7 Bd7 23. Nxa8 Rxa8 24. Bf2 gxf5 25. Rxd6 Bf8 26. Rdd1 Be6 27. c5 Bc4 28. Rfe1 f4 29. h4 Qg4 30. Rd4 fxg3 31. Be3 Be6 32. Qe2 Qxh4 33. Red1 Bg4 34. Qd2 Nf3+ 35. Bxf3 Bxf3 0-1